Diagnóza: nádor prsu : stručný průvodce ženy s nádorovým onemocněním prsu. Díl 1., A co teď? /

Hlavní autor: Wald, Martin, 1955-
Jazyk: Čeština
Vydáno: Praha : ENLAB s.r.o., 2020
Vydání: 1. vydání
Témata:
Fyzický popis: 56 stran : barevné ilustrace ; 21 cm + 1 DVD video
Knihy
Uloženo v:
LEADER 01776nam a2200505 i 4500
001 nkc20203245095
003 CZ PrNK
005 20201214064949.0
007 ta
008 201027s2020 xr a e f 000 0 cze
015 |a cnb003245095 
020 |a 978-80-907933-0-9  |q (brožováno) 
035 |a (OCoLC)1226361538 
040 |a ABA001  |b cze  |e rda 
072 7 |a 618  |x Gynekologie. Porodnictví  |2 Konspekt  |9 14 
080 |a 618.19-006  |2 MRF 
080 |a 616-08  |2 MRF 
080 |a (036)  |2 MRF 
100 1 |a Wald, Martin,  |d 1955-  |7 xx0107584  |4 aut 
245 1 0 |a Diagnóza: nádor prsu :  |b stručný průvodce ženy s nádorovým onemocněním prsu.  |n Díl 1.,  |p A co teď? /  |c Martin Wald 
246 3 0 |a Nádor prsu 
246 3 0 |a A co teď? 
250 |a 1. vydání 
264 1 |a Praha :  |b ENLAB s.r.o.,  |c 2020 
300 |a 56 stran :  |b barevné ilustrace ;  |c 21 cm +  |e 1 DVD video 
336 |a text  |b txt  |2 rdacontent 
336 |a dvojrozměrný pohyblivý obraz  |b tdi  |2 rdacontent 
337 |a bez média  |b n  |2 rdamedia 
337 |a video  |b v  |2 rdamedia 
338 |a svazek  |b nc  |2 rdacarrier 
338 |a videodisk  |b vd  |2 rdacarrier 
500 |a Příloha: DVD video s názvem Cvičení pro ženy po operaci prsu 
500 |a Terminologický slovník 
650 0 7 |a nádory prsu  |7 ph202588  |2 czenas 
650 0 7 |a terapie  |7 ph116435  |2 czenas 
650 0 9 |a breast tumors  |2 eczenas 
650 0 9 |a therapy  |2 eczenas 
655 7 |a informační publikace  |7 fd132454  |2 czenas 
655 9 |a information publications  |2 eczenas 
740 0 2 |a Cvičení pro ženy po operaci prsu 
910 2 |a BOA001  |b 2-1455.071,1 
990 |a BK 
995 |a 01 
991 |b 202012  |c NOV 
996 6 |b 2610843407  |c 2-1455.071,1  |l MZK  |r Sklad / do 1 hodiny  |n 1  |p p.v.  |w 001833207  |u 000010  |a 1  |e BOA001  |j MZK50  |s P